000 01009nam a22002177a 4500
999 _c13154
_d13154
003 AR-CdUCM
008 190411b ||||| |||| 00| 0 spa d
040 _aMUNICIPALIDAD PROVINCIAL DEL CUSCO
_cBIBLIOTECA MUNICIPAL DEL CUSCO
082 _a985.01 /
_bK26 / 1961
100 _aKauffmann Doig, Federico
_96213
245 _aManual del arqueólogo peruanista :
_bintroducción a las "fuentes indirectas" /
260 _a[Lima] :
_bTipografía Peruana,
_c[1961].
300 _a96 páginas ;
_c21 cm.
505 _aContenido: La apreciación de conjunto sobre el Perú prehispánico -- El interés por las antigüedades en las obras de los siglos XVI Y XVII -- Los testimonios arqueológicos en los autores del siglo XVIII -- El conocimiento arqueológico en el siglo XIX -- Contribuciones arqueológicas en el siglo XX.
650 _aArqueología
_9371
650 _aPerú
_935
650 _aÉpoca Prehispánica
_92714
650 _aAntigüedades
_930188
942 _2ddc
_cLIBROS
945 _aacv
_d2019-04-11